000 00705nam a2200205 a 4500
003 DO-SdBNP
005 20230222142205.0
007 ta
008 110829s1976 dr ac 000 0 spa d
040 _aDO-SdBNP
_bspa
_cBNPHU
082 4 _bB333s
_222
100 1 _aBatista C., Pedro R
_958987
245 1 0 _aSantiago a principios de siglo /
_cPedro R. Batista C.
260 _aSanto Domingo :
_bDe la Salle,
_bEditora Panamerica,
_c1976.
300 _a289 p. ;
_bilustraciones,
_c22 cm.
500 _aPedro R. Batista C. es graduado de licenciado en derecho en la universidad de Santo Domingo. Profesor, abogado y periodista.
590 _aInventariado, 2022/ YL
910 _aYLockward
942 _2ddc
_cLBS1
999 _c32922
_d32922